Za básnikom E.B. Lukáčom

Bibliographic Details
Main Author: Brtáň, Rudo, 1907-1998 (Author)
Format: Article
Language:Slovak
Subjects:

MARC

LEADER 00000nab a2200000 a 4500
001 vtls000041907
003 SK-MaSNL
005 20260304011131.0
008 111103c1979 xo 0 slo
015 |a SNBRB19rr/mm-uuuuu 
035 |a CL0052002 
040 |a SNKBUCL  |b slo  |c SNKBUCL  |e AACR2 
041 0 |a slo 
044 |a xo  |c SK 
080 |a 82:929:885.4  |2 1981 
080 |a 885.4"19"  |2 1981 
080 |a 885.4(091)"19"  |2 1981 
080 |a 92 Lukáč, E.B.  |2 1981 
100 1 |a Brtáň, Rudo,  |d 1907-1998  |4 aut  |9 105140 
245 1 0 |a Za básnikom E.B. Lukáčom  |c Rudo Brtáň 
600 1 7 |a Lukáč, Emil Boleslav,  |d 1900-1979  |2 snkbucl  |9 111229 
655 7 |a články z novín a časopisov  |2 snkbucl  |9 267496 
655 7 |a články z odboru literárna veda a krásna literatúra  |2 snkbucl  |9 770045 
773 0 |t Roľnícke noviny  |g Roč. 34 (19. 9. 1979), s. /5/ 
850 |a Slovenská národná knižnica v Martine  |a MTA001 
852 |a SNK  |b KIS3GCP 
958 |a RK 
958 |a LX 
992 |a RBX 
999 |c 2564780  |d 2566710